Library 101 : a handbook for the school library media specialist
Guardat en:
| Autor principal: | |
|---|---|
| Format: | Llibre |
| Publicat: |
Libraries Unlimited
2007
|
| Etiquetes: |
Afegir etiqueta
Sense etiquetes, Sigues el primer a etiquetar aquest registre!
|
| Thư viện lưu trữ: | Mạng thư viện Đại học Đà Nẵng |
|---|
| LEADER | 00605nam a2200217 a 4500 | ||
|---|---|---|---|
| 001 | 000028794 | ||
| 003 | 34160 | ||
| 005 | 20171030145630.0 | ||
| 008 | 171030s2007 | ||
| 040 | |a LTT | ||
| 082 | 0 | |a 027,80973 |b ST-C | |
| 100 | 1 | |a Stephens, Claire Gatrell | |
| 245 | 0 | 0 | |a Library 101 : a handbook for the school library media specialist |c Claire Gatrell Stephens and Patricia Franklin. |
| 260 | |b Libraries Unlimited |c 2007 | ||
| OWN | |a LTT | ||
| 999 | |a From the UDN01 | ||
| TYP | |a Monograph | ||
| TYP | |a Printed language | ||
| 980 | |a Mạng thư viện Đại học Đà Nẵng | ||